000 00372 a2200157 4500
001 184175
020 _a0-19-422988-2
040 _cMagnum
100 _aMark, Jan
240 1 0 _aToo old to rock and roll and other stories
_lING
245 1 0 _aToo old to rock and roll and other stories
300 _a58
362 0 _a2001
697 _aLITERATURA INGLESA
942 _cBK
999 _c184175
_d184175